[Event "RUS-chT Seniors"]
[Site "Sochi"]
[Date "2017.05.03"]
[Round "3.2"]
[White "Fradkin, Boris"]
[Black "Karimov, Rashid"]
[Result "1/2-1/2"]
[WhiteElo "2376"]
[BlackElo "2156"]
[PlyCount "48"]
[EventDate "2017.05.01"]
[EventType "team-tourn"]
[EventRounds "10"]
[EventCountry "RUS"]
[SourceTitle "CBM 178 Extra"]
[Source "ChessBase"]
[SourceDate "2017.06.22"]
[SourceVersion "1"]
[SourceVersionDate "2017.06.22"]
[SourceQuality "1"]

1. Nf3 c5 2. c4 Nf6 3. e3 g6 4. b3 Bg7 5. Bb2 0-0 6. Be2 b6 7. d4 cxd4 8. Nxd4 Bb7 9. 0-0 Nc6 10. Nc3 Nxd4 11. exd4 d5 12. Bf3 Qd7 13. Re1 dxc4 14. Bxb7 Qxb7 15. bxc4 Rac8 16. Qe2 e6 17. Nd1 Rfd8 18. Ne3 h5 19. h3 Rd7 20. a4 Rcd8 21. Rad1 Qa6 22. Ra1 Qb7 23. Rad1 Qa6 24. Ra1 Qb7 1/2-1/2

[Event "RUS-chT Seniors final"]
[Site "Sochi"]
[Date "2016.05.05"]
[Round "5.4"]
[White "Pushkov, Nikolai"]
[Black "Fradkin, Boris"]
[Result "1/2-1/2"]
[WhiteElo "2306"]
[BlackElo "2387"]
[PlyCount "30"]
[EventDate "2016.05.01"]
[EventType "team-tourn"]
[EventRounds "9"]
[EventCountry "RUS"]
[SourceTitle "EXT 2018"]
[Source "ChessBase"]
[SourceDate "2017.10.13"]
[SourceVersion "1"]
[SourceVersionDate "2017.10.13"]
[SourceQuality "1"]
[WhiteTeam "Belorechensk Univ"]
[BlackTeam "Ekaterinburg Malachite"]
[WhiteTeamCountry "RUS"]
[BlackTeamCountry "RUS"]

1. Nf3 c5 2. c4 g6 3. Nc3 Bg7 4. e3 Nc6 5. d4 cxd4 6. exd4 d6 7. Be2 Nf6 8. 0-0 d5 9. h3 0-0 10. Re1 dxc4 11. Bxc4 Na5 12. Bd3 Nc6 13. Bc4 Na5 14. Bd3 Nc6 15. Bc4 Na5 1/2-1/2

[Event "Opatija op-A"]
[Site "Opatija"]
[Date "2013.07.04"]
[Round "6"]
[White "Mufic, Goran"]
[Black "Fradkin, Boris"]
[Result "0-1"]
[WhiteElo "2261"]
[BlackElo "2426"]
[PlyCount "84"]
[EventDate "2013.06.29"]
[EventType "swiss"]
[EventRounds "9"]
[EventCountry "CRO"]
[SourceTitle "CBM 155 Extra"]
[Source "ChessBase"]
[SourceDate "2013.08.26"]
[SourceVersion "1"]
[SourceVersionDate "2013.08.26"]
[SourceQuality "1"]

1. d4 e6 2. Nf3 Nf6 3. e3 b6 4. Bd3 Bb7 5. 0-0 c5 6. b3 Be7 7. Bb2 0-0 8. c4 d6 9. Nc3 cxd4 10. exd4 d5 11. Rc1 Nc6 12. Bb1 Rc8 13. cxd5 Nxd5 14. Qd3 g6 15. Ne4 Nf6 16. Qe3 Nb4 17. Ne5 Rxc1 18. Rxc1 Nxe4 19. Bxe4 Bxe4 20. Qxe4 Nd5 21. g3 Qa8 22. h4 Rc8 23. h5 Rxc1+ 24. Bxc1 Qc8 25. Bd2 Bf8 26. hxg6 hxg6 27. Qf3 Qc7 28. Bg5 Bg7 29. Bd8 Qc1+ 30. Kg2 Bxe5 31. dxe5 Qc3 32. Qe4 b5 33. Bf6 Nxf6 34. exf6 Qxf6 35. Qa8+ Kg7 36. Qxa7 Qc3 37. Qe3 Qxe3 38. fxe3 b4 39. Kf3 f5 40. Ke2 g5 41. Kd3 e5 42. Kc4 g4 0-1

[Event "Opatija op-A"]
[Site "Opatija"]
[Date "2013.07.02"]
[Round "4"]
[White "Shariyazdanov, Andrey"]
[Black "Fradkin, Boris"]
[Result "1-0"]
[WhiteElo "2579"]
[BlackElo "2426"]
[PlyCount "55"]
[EventDate "2013.06.29"]
[EventType "swiss"]
[EventRounds "9"]
[EventCountry "CRO"]
[SourceTitle "CBM 155 Extra"]
[Source "ChessBase"]
[SourceDate "2013.08.26"]
[SourceVersion "1"]
[SourceVersionDate "2013.08.26"]
[SourceQuality "1"]

1. d4 Nf6 2. c4 c5 3. d5 b5 4. Nf3 bxc4 5. Nc3 d6 6. e4 g6 7. Bxc4 Bg7 8. 0-0 0-0 9. h3 Ba6 10. Bxa6 Nxa6 11. Qe2 Nc7 12. Rd1 Nd7 13. Bf4 f6 14. h4 Qc8 15. h5 Rf7 16. hxg6 hxg6 17. g3 Qa6 18. Qd2 Nb5 19. Nxb5 Qxb5 20. Kg2 Rb8 21. b3 c4 22. Nd4 Qb4 23. Qe2 cxb3 24. axb3 Nc5 25. Rxa7 Nxb3 26. Nc6 Qb5 27. Qxb5 Rxb5 28. Nxe7+ 1-0

[Event "Wch Seniors 21st"]
[Site "Rijeka"]
[Date "2011.11.24"]
[Round "9"]
[White "Grabow, Pouelsten Holm"]
[Black "Fradkin, Boris"]
[Result "0-1"]
[WhiteElo "2181"]
[BlackElo "2445"]
[PlyCount "59"]
[EventDate "2011.11.15"]
[EventType "swiss"]
[EventRounds "11"]
[EventCountry "CRO"]
[SourceTitle "CBM 145 Extra"]
[Source "ChessBase"]
[SourceDate "2012.01.03"]
[SourceVersion "1"]
[SourceVersionDate "2012.01.03"]
[SourceQuality "1"]

1. d4 Nf6 2. c4 e6 3. Nc3 Bb4 4. Qc2 0-0 5. a3 Bxc3+ 6. Qxc3 d6 7. Nf3 Nbd7 8. Bg5 h6 9. Bxf6 Nxf6 10. e3 Qe7 11. Be2 Re8 12. 0-0 e5 13. b4 Bg4 14. h3 Bh5 15. Ra2 e4 16. Nh2 Bxe2 17. Rxe2 Qe6 18. d5 Qf5 19. g4 Qg6 20. Kh1 h5 21. Rg1 Re5 22. f4 exf3 23. Nxf3 Qe4 24. Rf1 hxg4 25. hxg4 Nxg4 26. Kg1 Rf5 27. Nd2 Rxf1+ 28. Nxf1 Re8 29. Rg2 Re5 30. Nd2 0-1

[Event "Wch Seniors 21st"]
[Site "Rijeka"]
[Date "2011.11.21"]
[Round "6"]
[White "Fradkin, Boris"]
[Black "Gundersen, Helge Folmer"]
[Result "1-0"]
[WhiteElo "2445"]
[BlackElo "2212"]
[PlyCount "63"]
[EventDate "2011.11.15"]
[EventType "swiss"]
[EventRounds "11"]
[EventCountry "CRO"]
[SourceTitle "CBM 145 Extra"]
[Source "ChessBase"]
[SourceDate "2012.01.03"]
[SourceVersion "1"]
[SourceVersionDate "2012.01.03"]
[SourceQuality "1"]

1. c4 e6 2. Nc3 f5 3. d4 Nf6 4. Qc2 Bb4 5. e3 b6 6. Bd3 Bb7 7. f3 c5 8. a3 Bxc3+ 9. bxc3 d6 10. Ne2 g6 11. e4 fxe4 12. fxe4 e5 13. 0-0 Nbd7 14. h3 h6 15. Be3 Qe7 16. d5 Qg7 17. Qd2 0-0-0 18. Ng3 Nh5 19. Nxh5 gxh5 20. Rf5 Nf6 21. Raf1 Rdf8 22. Qf2 Nh7 23. Rf7 Rxf7 24. Qxf7 Qg3 25. Qe6+ Kb8 26. Qxd6+ Ka8 27. Qxh6 Rg8 28. Rf2 Nf6 29. Bf1 Nd7 30. Rf3 Qe1 31. Qh7 Nf6 32. Qf7 1-0

[Event "Bayern-chI Bank Hofmann 14th"]
[Site "Bad Wiessee"]
[Date "2010.11.05"]
[Round "8"]
[White "Schultz, Andreas"]
[Black "Fradkin, Boris"]
[Result "1/2-1/2"]
[WhiteElo "2209"]
[BlackElo "2454"]
[PlyCount "43"]
[EventDate "2010.10.30"]
[EventType "swiss"]
[EventRounds "9"]
[EventCountry "GER"]
[SourceTitle "EXT 2011"]
[Source "ChessBase"]
[SourceDate "2010.11.26"]
[SourceVersion "1"]
[SourceVersionDate "2010.11.26"]
[SourceQuality "1"]

1. d4 Nf6 2. c4 e6 3. g3 d5 4. Nf3 c6 5. Bg2 Bb4+ 6. Bd2 Be7 7. Qc2 0-0 8. 0-0 b6 9. Bf4 Nbd7 10. Nbd2 Ba6 11. Rac1 Nh5 12. e4 Nxf4 13. gxf4 dxe4 14. Nxe4 Bb7 15. Neg5 Bxg5 16. fxg5 c5 17. h4 Qe7 18. Rcd1 cxd4 19. Rxd4 e5 20. Rd2 Nc5 21. b4 Ne6 22. Qf5 1/2-1/2

[Event "Bayern-chI Bank Hofmann 14th"]
[Site "Bad Wiessee"]
[Date "2010.11.01"]
[Round "4"]
[White "Heimrath, Reiner"]
[Black "Fradkin, Boris"]
[Result "1/2-1/2"]
[WhiteElo "2231"]
[BlackElo "2454"]
[PlyCount "101"]
[EventDate "2010.10.30"]
[EventType "swiss"]
[EventRounds "9"]
[EventCountry "GER"]
[SourceTitle "EXT 2011"]
[Source "ChessBase"]
[SourceDate "2010.11.26"]
[SourceVersion "1"]
[SourceVersionDate "2010.11.26"]
[SourceQuality "1"]

1. e4 c6 2. d3 d5 3. Nd2 g6 4. Ngf3 Bg7 5. c3 e5 6. h4 h5 7. Qa4 Nh6 8. exd5 Qxd5 9. Ne4 Ng4 10. c4 Qd8 11. Bg5 f6 12. Bd2 Na6 13. Bc3 0-0 14. Qc2 c5 15. Be2 Qe7 16. Nh2 Nxh2 17. Rxh2 Nb8 18. 0-0-0 Nc6 19. Kb1 Nd4 20. Bxd4 cxd4 21. f3 f5 22. Nf2 f4 23. Rg1 Bf5 24. Ne4 Bh6 25. g4 fxg3 26. Nxg3 Kh7 27. Qb3 Bf4 28. Rhh1 Rac8 29. Ne4 Rc6 30. Ka1 a6 31. a3 b5 32. cxb5 axb5 33. Qxb5 Qc7 34. Rb1 Rb8 35. Qa4 Qb7 36. Bd1 Ra8 37. Qb3 Rb6 38. Qc2 Rc8 39. Qa4 Bd7 40. Qa5 Ra8 41. Qc5 Be6 42. Nd6 Qa6 43. Nc4 Rb7 44. Nd6 Rba7 45. Nc4 Rc8 46. Qb4 Bf5 47. Be2 Be6 48. Qb3 Rb7 49. Qc2 Rbc7 50. Rhg1 Bf5 51. Qb3 1/2-1/2

[Event "Ekaterinburg"]
[Site "Ekaterinburg"]
[Date "2010.07.21"]
[Round "7"]
[White "Fer, Vadim"]
[Black "Fradkin, Boris"]
[Result "0-1"]
[WhiteElo "2155"]
[BlackElo "2467"]
[PlyCount "76"]
[EventDate "2010.07.15"]
[EventType "tourn"]
[EventRounds "11"]
[EventCountry "RUS"]
[EventCategory "1"]
[SourceTitle "EXT 2011"]
[Source "ChessBase"]
[SourceDate "2010.11.26"]
[SourceVersion "1"]
[SourceVersionDate "2010.11.26"]
[SourceQuality "1"]

1. e4 c6 2. d4 d5 3. Nc3 dxe4 4. Nxe4 Nf6 5. Nxf6+ gxf6 6. c3 Bf5 7. Bd3 Bg6 8. Ne2 Qc7 9. Bf4 e5 10. Bg3 Nd7 11. Qc2 0-0-0 12. 0-0-0 Qa5 13. Kb1 c5 14. d5 c4 15. Bxg6 hxg6 16. Nc1 Nb6 17. f4 exf4 18. Bxf4 Nxd5 19. Bd2 f5 20. Ne2 Bg7 21. Nf4 Nf6 22. Be3 Ne4 23. Rxd8+ Rxd8 24. Rd1 Rxd1+ 25. Qxd1 Bxc3 26. Qc2 Qb5 27. Ne2 Be5 28. Nd4 Bxd4 29. Bxd4 a6 30. b3 Qd5 31. Be3 c3 32. Kc1 b5 33. Qe2 Kb7 34. Kc2 b4 35. Qc4 Qxc4 36. bxc4 a5 37. Kb3 Kc6 38. Ka4 Nd2 0-1

[Event "Ekaterinburg"]
[Site "Ekaterinburg"]
[Date "2010.07.19"]
[Round "5"]
[White "Kozlov, Oleg"]
[Black "Fradkin, Boris"]
[Result "1/2-1/2"]
[WhiteElo "2306"]
[BlackElo "2467"]
[PlyCount "32"]
[EventDate "2010.07.15"]
[EventType "tourn"]
[EventRounds "11"]
[EventCountry "RUS"]
[EventCategory "1"]
[SourceTitle "EXT 2011"]
[Source "ChessBase"]
[SourceDate "2010.11.26"]
[SourceVersion "1"]
[SourceVersionDate "2010.11.26"]
[SourceQuality "1"]

1. d4 Nf6 2. Nf3 g6 3. Bg5 Bg7 4. Nbd2 d5 5. c3 0-0 6. e3 Nbd7 7. Bd3 c5 8. 0-0 b6 9. b4 a5 10. bxc5 bxc5 11. Qe2 Nb6 12. Rab1 Bg4 13. Rb5 cxd4 14. cxd4 Na4 15. Rc1 Rc8 16. Rxc8 Bxc8 1/2-1/2

[Event "Ekaterinburg"]
[Site "Ekaterinburg"]
[Date "2010.07.16"]
[Round "2"]
[White "Golikov, Nikolay"]
[Black "Fradkin, Boris"]
[Result "0-1"]
[WhiteElo "1922"]
[BlackElo "2467"]
[PlyCount "50"]
[EventDate "2010.07.15"]
[EventType "tourn"]
[EventRounds "11"]
[EventCountry "RUS"]
[EventCategory "1"]
[SourceTitle "EXT 2011"]
[Source "ChessBase"]
[SourceDate "2010.11.26"]
[SourceVersion "1"]
[SourceVersionDate "2010.11.26"]
[SourceQuality "1"]

1. e4 c6 2. d4 d5 3. Nc3 dxe4 4. Nxe4 Nd7 5. Ng5 e6 6. Bd3 Ngf6 7. N1f3 Bd6 8. Qe2 Qe7 9. 0-0 h6 10. Ne4 Nxe4 11. Qxe4 Nf6 12. Qh4 Bd7 13. Bf4 0-0-0 14. Bxd6 Qxd6 15. Ne5 Be8 16. c3 g5 17. Qh3 Nd5 18. Bc2 f6 19. Nc4 Qd7 20. a4 Nf4 21. Qf3 Bh5 22. g4 Bf7 23. a5 h5 24. h3 hxg4 25. hxg4 Rh3 0-1

[Event "EU-ch Seniors 07th"]
[Site "Hockenheim"]
[Date "2007.06.10"]
[Round "9"]
[White "Ivanets, Vladimir"]
[Black "Fradkin, Boris"]
[Result "1/2-1/2"]
[WhiteElo "2261"]
[BlackElo "2465"]
[PlyCount "68"]
[EventDate "2007.06.02"]
[EventType "swiss"]
[EventRounds "9"]
[EventCountry "GER"]
[SourceTitle "CBM 118 Extra"]
[Source "ChessBase"]
[SourceDate "2007.07.04"]
[SourceVersion "1"]
[SourceVersionDate "2007.07.04"]
[SourceQuality "1"]

1. d4 Nf6 2. c4 e6 3. Nc3 Bb4 4. Qc2 0-0 5. a3 Bxc3+ 6. Qxc3 b6 7. Nf3 Bb7 8. g3 a5 9. b3 d6 10. Bg2 Nbd7 11. 0-0 Be4 12. Bb2 c6 13. b4 b5 14. cxb5 cxb5 15. bxa5 Qxa5 16. Qxa5 Rxa5 17. Rfc1 Nb6 18. Nd2 Bxg2 19. Kxg2 Na4 20. Bc3 Nxc3 21. Rxc3 Ra4 22. Rb3 Rxd4 23. Nf3 Ra4 24. Rxb5 Rfa8 25. Nd2 h6 26. Rb3 d5 27. e3 g5 28. h3 h5 29. Nf3 g4 30. hxg4 hxg4 31. Ne5 Re4 32. Nc6 Rc4 33. Ne5 Re4 34. Nc6 Rc4 1/2-1/2

[Event "EU-ch Seniors 07th"]
[Site "Hockenheim"]
[Date "2007.06.04"]
[Round "3"]
[White "Striebich, Rudolf"]
[Black "Fradkin, Boris"]
[Result "0-1"]
[WhiteElo "2187"]
[BlackElo "2465"]
[PlyCount "81"]
[EventDate "2007.06.02"]
[EventType "swiss"]
[EventRounds "9"]
[EventCountry "GER"]
[SourceTitle "CBM 118 Extra"]
[Source "ChessBase"]
[SourceDate "2007.07.04"]
[SourceVersion "1"]
[SourceVersionDate "2007.07.04"]
[SourceQuality "1"]

1. g3 Nf6 2. Bg2 e5 3. c4 c6 4. d3 h6 5. Nf3 Bb4+ 6. Bd2 Bxd2+ 7. Nbxd2 Qe7 8. 0-0 0-0 9. Qc2 d5 10. e4 dxe4 11. dxe4 Nbd7 12. Rfe1 a5 13. b3 Nc5 14. Qc3 Re8 15. h3 b6 16. Rad1 Ncd7 17. Nh4 g6 18. Qe3 Kh7 19. Nb1 a4 20. Qc3 axb3 21. axb3 b5 22. b4 bxc4 23. Qxc4 Rb8 24. Qxc6 Rxb4 25. Nc3 Bb7 26. Qd6 Qxd6 27. Rxd6 Rd4 28. Nb5 Rb4 29. Nc7 Rc8 30. Nd5 Bxd5 31. exd5 Rc2 32. Nf3 Rbb2 33. Nxe5 Rxf2 34. Bh1 Nxe5 35. Rxe5 Kg7 36. g4 Rfd2 37. Re1 Rb3 38. Kf1 Rxh3 39. Kg1 Nxg4 40. Re7 Rg3+ 41. Kf1 0-1

[Event "EU-ch Seniors 07th"]
[Site "Hockenheim"]
[Date "2007.06.02"]
[Round "1"]
[White "Taksrud, Vidar"]
[Black "Fradkin, Boris"]
[Result "0-1"]
[WhiteElo "2099"]
[BlackElo "2465"]
[PlyCount "102"]
[EventDate "2007.06.02"]
[EventType "swiss"]
[EventRounds "9"]
[EventCountry "GER"]
[SourceTitle "CBM 118 Extra"]
[Source "ChessBase"]
[SourceDate "2007.07.04"]
[SourceVersion "1"]
[SourceVersionDate "2007.07.04"]
[SourceQuality "1"]

1. d4 Nf6 2. c4 e6 3. Nf3 b6 4. g3 Ba6 5. b3 Bb4+ 6. Bd2 Be7 7. Bg2 c6 8. 0-0 d5 9. Nc3 Nbd7 10. Re1 0-0 11. cxd5 cxd5 12. a4 Rc8 13. Nb5 Bxb5 14. axb5 Qc7 15. Bf4 Bd6 16. Bxd6 Qxd6 17. Qd3 Rc7 18. Ra4 Rfc8 19. Qb1 Ne4 20. Qa1 Nc3 21. Rxa7 Nxb5 22. Rxc7 Qxc7 23. Qa6 Nc3 24. Nd2 b5 25. e4 dxe4 26. Nxe4 b4 27. Nd6 Rf8 28. Nc4 Nf6 29. Ne5 g6 30. Nd3 Nfd5 31. Bxd5 Nxd5 32. Qc4 Qb7 33. Rc1 Ra8 34. Nc5 Qe7 35. Re1 Qf6 36. Na6 Rd8 37. Re5 Qf3 38. Nxb4 Qd1+ 39. Kg2 Nxb4 40. Qxb4 Rxd4 41. Qb8+ Rd8 42. Qc7 Rd3 43. Rb5 Qf3+ 44. Kh3 Qxf2 45. Qb8+ Kg7 46. Qe5+ f6 47. Qc7+ Kh6 48. Qc1+ Rd2 49. Qh1 e5 50. Rb4 Qf5+ 51. Rg4 Kh5 0-1

[Event "RUS-Cup08"]
[Site "Omsk/Perm"]
[Date "1998.??.??"]
[Round "7"]
[White "Akhmadeev, Vadim"]
[Black "Fradkin, Boris"]
[Result "1/2-1/2"]
[WhiteElo "2445"]
[BlackElo "2345"]
[PlyCount "154"]
[EventDate "1998.??.??"]
[EventType "swiss"]
[EventRounds "9"]
[EventCountry "RUS"]
[SourceTitle "EXT 2000"]
[Source "ChessBase"]
[SourceDate "1999.11.16"]
[SourceVersion "1"]
[SourceVersionDate "1999.11.16"]
[SourceQuality "1"]

1. e4 c6 2. Nc3 d5 3. Nf3 Bg4 4. h3 Bxf3 5. Qxf3 Nf6 6. d3 e5 7. exd5 cxd5 8. g4 Bb4 9. Bd2 Nc6 10. Bg2 d4 11. Nb1 0-0 12. 0-0 Rc8 13. a3 Be7 14. c4 a5 15. Bg5 Nd7 16. Bxe7 Qxe7 17. Nd2 Nc5 18. Rae1 Qc7 19. Ne4 Ne6 20. Ng3 Nf4 21. Ne2 Nxg2 22. Qxg2 Qb6 23. Rb1 a4 24. Ng3 Ne7 25. f4 exf4 26. Rxf4 Ng6 27. Re4 Nh4 28. Qf2 Rce8 29. Rf1 Rxe4 30. Nxe4 Ng6 31. c5 Qd8 32. g5 Ne5 33. Qg3 Qe7 34. Rf5 Ng6 35. Rd5 f5 36. gxf6 gxf6 37. Rf5 Kh8 38. Kh1 Ne5 39. Qf2 Nxd3 40. Qxd4 Rd8 41. Qxf6+ Qxf6 42. Rxf6 Re8 43. Nc3 Nxc5 44. Rb6 Re7 45. Kg2 Kg7 46. Kf3 Kf8 47. Rb5 Rc7 48. Ke3 Rc6 49. Rb4 Rh6 50. h4 Ra6 51. Kd4 b6 52. Kc4 Ra5 53. Rxb6 Nd7 54. Rb5 Ra6 55. Rb4 Rh6 56. Kd5 Ke7 57. Nxa4 Rh5+ 58. Kc6 Ne5+ 59. Kc7 Ng6 60. Re4+ Kf6 61. b4 Kf5 62. Nc3 Nf4 63. Re3 Rxh4 64. b5 Ne6+ 65. Kb8 Nc5 66. b6 Rg4 67. Nd5 h5 68. Rc3 Nd7+ 69. Kc8 Nxb6+ 70. Nxb6 h4 71. a4 Rg3 72. Rc7 Ra3 73. Kb7 h3 74. Rh7 Kf4 75. Ka6 Kg3 76. Kb5 h2 77. Nc4 Ra1 1/2-1/2

[Event "RUS-Cup08"]
[Site "Omsk/Perm"]
[Date "1998.??.??"]
[Round "2"]
[White "Fradkin, Boris"]
[Black "Ulybin, Mikhail"]
[Result "0-1"]
[WhiteElo "2345"]
[BlackElo "2575"]
[PlyCount "72"]
[EventDate "1998.??.??"]
[EventType "swiss"]
[EventRounds "9"]
[EventCountry "RUS"]
[SourceTitle "EXT 2000"]
[Source "ChessBase"]
[SourceDate "1999.11.16"]
[SourceVersion "1"]
[SourceVersionDate "1999.11.16"]
[SourceQuality "1"]

1. Nf3 d5 2. d4 Bf5 3. c4 e6 4. Nc3 c6 5. Qb3 Qb6 6. c5 Qc7 7. Bf4 Qc8 8. Nh4 Bg4 9. h3 Bh5 10. g4 Be7 11. Bg3 Bg6 12. Nxg6 hxg6 13. e3 Nd7 14. Rc1 f5 15. Be2 Bh4 16. Rg1 Bxg3 17. Rxg3 Ne7 18. gxf5 exf5 19. f4 Qc7 20. Qc2 Nf6 21. Bf3 Ne4 22. Nxe4 fxe4 23. Bg4 g5 24. Qf2 Rf8 25. f5 g6 26. f6 Ng8 27. Rg2 Nxf6 28. Qg3 Qxg3+ 29. Rxg3 Ke7 30. Be2 Nh7 31. Kd2 Rf2 32. Rh1 Raf8 33. h4 R8f3 34. Rgg1 Rf5 35. h5 Kf7 36. Ke1 Nf6 0-1

[Event "Bastrikov Memorial"]
[Site "Ekaterinburg"]
[Date "1996.??.??"]
[Round "4"]
[White "Fradkin, Boris"]
[Black "Vorontsov, Nikolay"]
[Result "1/2-1/2"]
[WhiteElo "2365"]
[BlackElo "2430"]
[PlyCount "45"]
[EventDate "1996.??.??"]
[EventType "tourn"]
[EventRounds "9"]
[EventCountry "RUS"]
[EventCategory "8"]
[SourceTitle "EXT 2002"]
[Source "ChessBase"]
[SourceDate "2001.11.25"]
[SourceVersion "1"]
[SourceVersionDate "2001.11.25"]
[SourceQuality "1"]

1. d4 Nf6 2. c4 g6 3. Nc3 d5 4. cxd5 Nxd5 5. g3 Bg7 6. Bg2 Nb6 7. Nf3 Nc6 8. e3 0-0 9. 0-0 e5 10. Nxe5 Nxe5 11. dxe5 Bxe5 12. Qc2 c6 13. b3 Nd5 14. Bb2 Nxc3 15. Bxc3 Qf6 16. Bxe5 Qxe5 17. Rad1 Be6 18. Rd4 Rfd8 19. Rfd1 Rxd4 20. Rxd4 Qa5 21. h3 Rd8 22. Rxd8+ Qxd8 23. f4 1/2-1/2

[Event "RUS-ch sf"]
[Site "Ekaterinburg"]
[Date "1996.??.??"]
[Round "?"]
[White "Ovchinnikova, Julia"]
[Black "Fradkin, Boris"]
[Result "1/2-1/2"]
[WhiteElo "2230"]
[BlackElo "2365"]
[PlyCount "96"]
[EventDate "1996.??.??"]
[EventType "swiss"]
[EventRounds "10"]
[EventCountry "RUS"]
[SourceTitle "EXT 2000"]
[Source "ChessBase"]
[SourceDate "1999.11.16"]
[SourceVersion "1"]
[SourceVersionDate "1999.11.16"]
[SourceQuality "1"]

1. d4 Nf6 2. c4 e6 3. Nc3 Bb4 4. Nf3 b6 5. Bg5 Bb7 6. e3 h6 7. Bh4 g5 8. Bg3 Ne4 9. Qc2 Bxc3+ 10. bxc3 d6 11. h4 g4 12. Nd2 f5 13. Nxe4 Bxe4 14. Qe2 Bb7 15. f3 Rg8 16. Bf2 Nd7 17. e4 fxe4 18. fxg4 Qf6 19. Be3 0-0-0 20. g5 hxg5 21. Bxg5 Rxg5 22. hxg5 Qxg5 23. Rh3 Rf8 24. Qe3 Qa5 25. Be2 e5 26. Bg4 exd4 27. Qxd4 Bc6 28. Rh8 Rxh8 29. Qxh8+ Kb7 30. Bxd7 Bxd7 31. Qd4 Bc6 32. g3 Qh5 33. Rd1 Qf3 34. Kd2 Qxg3 35. Re1 Qg2+ 36. Re2 Qf1 37. Re1 e3+ 38. Rxe3 Qa1 39. Re7 Qxa2+ 40. Ke3 Qh2 41. Qg7 Qh3+ 42. Kd2 Qc8 43. Rf7 d5 44. cxd5 Bxd5 45. Re7 Qd8 46. Rd7 Qh4 47. Rxd5 Qf4+ 48. Kd3 Qf3+ 1/2-1/2

[Event "Bastrikov Memorial"]
[Site "Ekaterinburg"]
[Date "1996.??.??"]
[Round "3"]
[White "Vaulin, Alexander"]
[Black "Fradkin, Boris"]
[Result "1-0"]
[WhiteElo "2480"]
[BlackElo "2365"]
[PlyCount "83"]
[EventDate "1996.??.??"]
[EventType "tourn"]
[EventRounds "9"]
[EventCountry "RUS"]
[EventCategory "8"]
[SourceTitle "EXT 2002"]
[Source "ChessBase"]
[SourceDate "2001.11.25"]
[SourceVersion "1"]
[SourceVersionDate "2001.11.25"]
[SourceQuality "1"]

1. g3 e5 2. c4 d6 3. Nc3 g6 4. d4 Nc6 5. Nf3 Bg7 6. dxe5 Nxe5 7. Nxe5 Bxe5 8. Bg2 Ne7 9. 0-0 Bg7 10. Qd2 0-0 11. b3 Nc6 12. Bb2 Be6 13. Rfd1 Qe7 14. Rac1 Rae8 15. Nd5 Bxd5 16. Bxg7 Bxg2 17. Bxf8 Kxf8 18. Kxg2 Qe4+ 19. Kg1 Qxe2 20. Qxe2 Rxe2 21. c5 dxc5 22. Rxc5 Rxa2 23. Rd7 Rb2 24. Rb5 b6 25. Rxc7 Nd4 26. Rd5 Ne6 27. Rxa7 Rxb3 28. Rdd7 Rf3 29. Rdb7 h5 30. Rxb6 Rf5 31. Kg2 Kg8 32. Rb3 Ng5 33. Rba3 h4 34. gxh4 Ne6 35. Rf3 Nd4 36. Rxf5 Nxf5 37. Kh3 Kg7 38. Ra5 Nh6 39. h5 gxh5 40. Rxh5 Kg6 41. Rxh6+ Kxh6 42. Kg4 1-0